000 00721nam a22001817a 4500
003 UA-OsUOA
001 17148
007 ta
008 20040211b un ||||| |||| 00| 0 ukr d
100 _aСлободенюк В.
942 _cSA
040 _aUA-OsUOA
_cUA-OsUOA
_dUA-OsUOA
245 _aОлімпіада - моя найперша мрія і мета
_b[Розмова з одним із кандидатів в олімпійську збірну країни , майстром спорту міжнар. класу з бігу В.Слободанюком]
300 _aС.19
955 _a0
773 0 _w0
_tСім днів
_dРівне
_d2004
_g№2/ 9 січ./
650 7 _aКраєзнавча робота
_2UDC
999 _c303316
_d303316